El manual Merck: de diagnóstico y terapéutica
Tallennettuna:
| Päätekijä: | |
|---|---|
| Muut tekijät: | |
| Aineistotyyppi: | Kirja |
| Kieli: | espanja |
| Julkaistu: |
Madrid
Médica Panamericana
2014
|
| Painos: | Décimo novena edición |
| Aiheet: | |
| Tagit: |
Lisää tagi
Ei tageja, Lisää ensimmäinen tagi!
|
MARC
| LEADER | 00000cam a2200000 a 4500 | ||
|---|---|---|---|
| 001 | UCD1196 | ||
| 003 | CL-VaPUC | ||
| 005 | 20240823105853.0 | ||
| 008 | 160114e20140000sp |||||||||||||||||spa|d | ||
| 999 | |c 362596 |d 362594 | ||
| 020 | |a 9788498357530 | ||
| 040 | |c Pontificia Universidad Católica de Valparaíso | ||
| 082 | 0 | 4 | |a 610.3 POR 2014 |2 21 |
| 100 | 0 | |a Porter, Robert S |9 584284 | |
| 245 | 1 | 3 | |a El manual Merck: de diagnóstico y terapéutica |
| 250 | |a Décimo novena edición | ||
| 260 | |a Madrid |b Médica Panamericana |c 2014 | ||
| 300 | |a 3215 páginas | ||
| 583 | |a last modification |c 20160114 01:07:00 |k Rodrigo Vera | ||
| 650 | 0 | |a Medicina |9 258507 | |
| 650 | 7 | |a TERAPEUTICA |2 CL-VaPUC |9 310014 | |
| 650 | 0 | |a Enfermedades |9 263059 | |
| 650 | 7 | |a DIAGNOSTICO |2 CL-VaPUC |9 269639 | |
| 650 | 7 | |a TERAPIA CON MEDICAMENTOS |2 CL-VaPUC |9 488433 | |
| 700 | 0 | |a Kaplan, Justin L |9 584285 | |
| 942 | |c BK |2 ddc | ||
| 945 | |d 20160114 01:07:00 |a dcastane | ||
| 952 | |0 0 |1 0 |2 ddc |3 erd |4 0 |6 610_300000000000000_POR_2014 |7 0 |8 A |9 473941 |a BIBCUR |b BIBCUR |i 5262461 |o 610.3 POR 2014 |p 5262461 |r 2025-04-22 |t 1 |w 2019-11-24 |y BK |z Catalogado en:20160114 |k BIO | ||
| 952 | |0 0 |1 0 |2 ddc |3 erd |4 0 |6 610_300000000000000_POR_2014 |7 0 |8 A |9 473942 |a BIBCUR |b BIBCUR |i 526247K |l 1 |o 610.3 POR 2014 |p 526247K |r 2025-04-22 |s 2022-06-16 |t 2 |w 2019-11-24 |y BK |z Catalogado en:20160114 |k BIO | ||
| 952 | |0 0 |1 0 |2 ddc |3 erd |4 0 |6 610_300000000000000_POR_2014 |7 0 |8 A |9 473943 |a BIBCUR |b BIBCUR |i 5359163 |o 610.3 POR 2014 |p 5359163 |r 2025-04-22 |t 3 |w 2019-11-24 |y BK |z Catalogado en:20170108 |k BIO | ||